000 00325nam a2200145Ia 4500
003 OSt
005 20240404123857.0
008 170523s9999 xx 000 0 und d
020 _aNIL
040 _cIIMTU MEERUT
100 _aCARNEGIE- D
245 0 _aMANORMA YEAR BOOK 1986
260 _bMANORMA PUBLICATION
942 _2ddc
_c02
999 _c548
_d548